Quem foi quem? (Registo nº 629)

Detalhes MARC
000 -Etiqueta do registo
Cabeçalho 00849cam a2200313 4500
005 - Identificador da versão
Campo de controlo 20240813121808.0
010 ## - Número internacional normalizado dos livros (ISBN)
Número (ISBN) 9727721923
021 ## - Número do Depósito Legal
Código do país PT
Número 158058/00
035 ## - Other System Control Numbers
System Control Number 0000657
System Control Number 0000653
System Control Number 0000653
System Control Number 0000641
100 ## - Dados gerais de processamento
Dados gerais de processamento 20001228d2000 m y0pory5003 ba
102 ## - Pais de publicação ou produção
País de publicação Portugal
101 0# - Língua de publicação
Língua do texto, banda sonora, etc. Português
106 ## - Campo de dados codificados: material textual
Dados codificados do material textual r
105 ## - Campo de dados codificados: livros
Dados codificados dos livros a z 001yy
215 ## - Descrição física 
Indicação específica da natureza do documento e extensão da espécie 510, [2] p.
Outras indicações físicas il.
Dimensões 25 cm
200 1# - Titulo e menção de responsabilidade
Título próprio Quem foi quem?
Informação de outro título 200 algarvios do séc. XX
Primeira menção de responsabilidade Glória Maria Marreiros
Outras menções de responsabilidade ed. Fernando Mão de Ferro
225 2# - Colecção 
Título próprio da colecção Extra-colecção
205 ## - Menção da edição
Menção da edição 1ª ed
210 ## - Publicação, Distribuição, etc. 
Lugar da edição, distribuição, etc. Lisboa
Nome do editor, distribuidor, etc. Colibri
Data da publicação, distribuição, etc. 2000
320 ## - Nota relativa a bibliografia e índices internos 
Texto da nota Bibliografia, p. 503-510
675 ## - Classificação Decimal Universal (CDU)
Notação 929 A/Z (469.6)"19"
Edição BN
Língua da edição por
702 #1 - Nome de autor-pessoa física (responsabilidade secundária)
Número de registo de entrada de autoridade 0000787
Palavra de ordem Mão de Ferro
Outra parte do nome não tomada para palavra de ordem Fernando
Código de função Editor literário / Coordenador
700 #1 - Nome de autor-pessoa física (responsabilidade principal)
Número de registo de entrada de autoridade 0000786
Palavra de ordem Marreiros
Outra parte do nome não tomada para palavra de ordem Glória
Datas 1929-
942 ## - Elementos de entrada adicionados (Koha)
Tipo de item no Koha Livro
Exemplares
Situação do levantamento Origin of item (home branch) (coded) Biblioteca de empréstimo Código de barras Circulation type (not for loan) Tipo de documento Nota do exemplar Damaged status
  Biblioteca Escolar Eng. Nuno Mergulhão Biblioteca Escolar Eng. Nuno Mergulhão BENM866   Livro Sem mensagem